000 00700nam a2200241Ia 4500
001 823
003 GE_BSU
008 181216s||||||||xx |||||||||||||| ||und||
020 _a9785957603344
040 _cGE_BSU
080 _a811.161.1
100 _aАникина,М.Н.
245 _aЛестница.Начинаем изучать русский
245 _bУчебник. Для студ. иностранцев высш. уч. завед.
250 _a5-ое изд-е; стереотип.
260 _aМосква
260 _bРусский яз.-Медиа
260 _c2007
300 _a342стр.
541 _h10л.
653 _aрусский язык
942 _cBK
999 _c34987
_d34987